[Event "Linares 22nd"]
[Site ""]
[Date "2005.02.28"]
[Round "6"]
[White "Anand Viswanathan"]
[Black "Kasparov Garry"]
[Result "1/2-1/2"]
[WhiteElo "2786"]
[BlackElo "2804"]
[Annotator "Rogozenko"]
[Source "CBM 106"]
[Remark ""]

1.e4 c5 2.Nf3 Nc6 3.d4 cxd4 4.Nxd4 Nf6 5.Nc3 e5 6.Ndb5 d6 7.Bg5
a6 8.Na3 b5 9.Nd5 Be7 10.Bxf6 Bxf6 11.c3 O-O 12.Nc2 Bg5 13.a4
bxa4 14.Rxa4 a5 15.Bc4 Rb8 16.Ra2 Kh8 17.Nce3 g6 18.O-O
( 18.h4 ) f5 19.Qa4 {!?} {The idea of Sankt Petersburg GM M.Novik. White uses the fact that he hasn't played b2-b3 yet.}
Bd7 20.Bb5 Rxb5 {?!} ( 20...Qc8 21.Nc4 {!?} ( 21.exf5 gxf5 22.f4
exf4 23.Bxc6 Bxc6 24.Qd4+ Kg8 25.Nxf4 $14 ) ) ( 20...Nb4 {!}
{Indicated first by Cifuentes} 21.Bxd7 Nxa2 {The concrete variations show that Black is doing okay here. Probably it's about equal:}
22.Bb5 ( 22.exf5 Rxb2 23.Nc4 Nxc3 24.Nxc3 Rb4 25.Qc6 Rxc4 26.Qxc4
Qxd7 27.fxg6 hxg6 ) Bxe3 ( 22...fxe4 23.Bc4 ( 23.Ra1 {?} Bxe3
24.fxe3 Qh4 25.g3 Qh5 $17 ) Bxe3 ( 23...Rxb2 24.Nd1 Rd2 25.Bxa2
{%15A(g5)} $14 ) 24.Nxe3 Rxb2 {is the same as 22...Bxe3} )
( 22...f4 23.Nc4 f3 24.g3 Nc1 25.Nxa5 Ne2+ 26.Bxe2
( 26.Kh1 Rf7 {!} {%15LD(d8:c8) LD(c8:h3)} {Cifuentes} ) fxe2
27.Re1 Rxb2 28.Nc4 Rb8 29.Qa6 Be7 30.Rxe2 Qc8 31.Qxc8 Rfxc8 32.Nb2
{!$44} {%15LD(b2:d3) LD(d3:b4)} ) 23.Nxe3 ( 23.fxe3 Qh4 $37 )
fxe4 {!} ( 23...f4 24.Nd5 f3 25.g3 Qg5 26.Ne3 {%15A(a2)} $16 )
24.Bc4 Rxb2 25.Bxa2 Qf6 26.Nd1 ( 26.f3 {?} Qf4 27.Nd1 Rxg2+ 28.Kxg2
exf3+ $19 ) ( 26.Bd5 Rxf2 $19 ) Rd2 {followed by ...d5, with initiative for Black}
27.h3 ( 27.Qxa5 {?} Rxd1 $19 ) d5 28.Qxa5 Qd8 {!?=}
( 28...e3 29.Nxe3 Rxf2 30.Re1 {!} ( 30.Rd1 {?} Qf4 $19 ) d4 31.cxd4
exd4 32.Ng4 Rxg2+ 33.Kxg2 Qf3+ 34.Kh2 Qf4+ {=} ) ) 21.Qxb5 Nb4
22.Qxa5 Nxa2 23.Qxa2 fxe4 ( 23...f4 24.Nc2 f3 25.g3 Bc6 26.Rd1
Qd7 27.Ne1 h5 28.Qa3 Bh6 29.c4 $16 {1-0 Novik,M-Filippov,V/Sankt_Peterburg 1994 (48)}
) 24.b4 {It is amazing that all this was known since 1994, when G.Nesis and M.Novik
evaluated the position with advantage for White. They were right: the first
player has plans to advance the b-pawn or/and attack pawn e4, while for Black it is difficult to create counterplay.}
Be6 25.c4 Qc8 26.Qb3 ( 26.Qc2 {looks very attractive, but it remains unclear if White can win the following endgame:}
Bxe3 {Forced} 27.Nxe3 d5 ( 27...Bf5 28.Rd1 $16 ) 28.cxd5 Qxc2
29.Nxc2 Bxd5 30.Ne3 Be6 {!} {%15A(e3)} ( 30...Bc6 31.Rc1 $16 )
31.Rb1 ( 31.b5 Rb8 32.Rb1 Rb6 33.Nd1 Bc4 34.Nc3 Bd3 35.Rb2 Kg7
{=} ) ( 31.Rc1 Rb8 ) Rb8 32.Kf1 Kg7 ) ( 26.Rd1 {%03'better is'}
{%15LD(a2:c2) LD(d1:d5) D(d5)} Rf7 ( 26...Kg7 27.Qc2 Qa8 28.Nc7
$16 ) 27.Qc2 Qa8 28.b5 $16 ( 28.Qxe4 Bxe3 29.Qxe3 Bxd5 30.cxd5
Qa4 $131 ) ) ( 26.Qb1 {?} Bxd5 {%15D(c4)} ) ( 26.b5 Qc5 ) Kg7
27.Rb1 ( 27.Rd1 {%03'better is'} ) ( 27.b5 {!?} Qc5 28.b6 ) Rf7
28.Rd1 {Anand obviously cannot make up his mind: either to advance the b-pawn, or prepare Qc2.}
( 28.b5 Qc5 $14 ) h5 29.Qc2 Qa8 30.h3 {?!} ( 30.Qxe4 {?!} Bxe3
31.Qxe3 Bxd5 32.cxd5 Qa4 33.Rb1 Qa2 $131 ) ( 30.b5 Bh4 31.g3
$16 ) Bh4 {!} {Using the weaknesses created by White's previous move.}
31.Rf1 ( 31.Rd2 Bxd5 32.Nxd5 Qa1+ 33.Kh2 Qe1 $131 )
( 31.g3 {!?} Bg5 {%15A(h3)} 32.h4 ) Qf8 32.b5 Bc8 33.Nc3 Bb7
34.Ned5 Qc8 35.Qe2 {Threatening 31.Nxe4} ( 35.Qxe4 Rf4 {!} 36.Qe2
Rd4 37.Ra1 Qc5 $45 ) Bxd5 36.Nxd5 Qc5 37.b6 {?} ( 37.Nc3 {would have kept good winning chances. For instance:}
Rc7 38.b6 ( 38.Nxe4 Qxc4 39.Qxc4 Rxc4 40.Nxd6 Rc2 $131 )
( 38.Rb1 {!?} ) Rf7 39.b7 {!?} Rxb7 40.Qxe4 Rb3 41.Qxh4 Rxc3
42.Qe7+ Kh6 43.Qf8+ Kh7 44.Ra1 Ra3 ( 44...Qc7 45.Qa8 $18 ) 45.Rb1
Qc7 46.Rb8 Qg7 47.Qxd6 ) Qd4 38.Qc2 ( 38.Kh2 Rxf2 39.Rxf2 Bxf2
40.b7 Bg1+ 41.Kg3 ( 41.Kh1 {?} Qa1 ) Bf2+ 42.Qxf2 h4+ 43.Kh2
Qxf2 44.b8Q Qg3+ 45.Kg1 Qe1+ {=} ) Kh7 ( 38...Bg3 {is also good enough}
) 39.Kh2 Rxf2 40.Rxf2 Bxf2 41.Qc1 ( 41.b7 Bg1+ 42.Kg3 Bf2+ {=} )
e3 42.b7 Qa7 43.Qb1 e2 44.Ne7 Bg3+ 1/2-1/2

[Event "Corus"]
[Site ""]
[Date "2005.01.23"]
[Round "8"]
[White "Anand Viswanathan"]
[Black "Kramnik Vladimir"]
[Result "1/2-1/2"]
[WhiteElo "2786"]
[BlackElo "2754"]
[Annotator "Rogozenko"]
[Source "CBM 105"]
[Remark ""]

1.e4 c5 2.Nf3 Nc6 3.d4 cxd4 4.Nxd4 Nf6 5.Nc3 e5 6.Ndb5 d6 7.Bg5
a6 8.Na3 b5 9.Nd5 Be7 10.Bxf6 Bxf6 11.c3 O-O 12.Nc2 Bg5 13.a4
bxa4 14.Rxa4 a5 15.Bc4 Rb8 16.b3 Kh8 17.O-O f5 18.exf5 Bxf5 19.Nce3
Bg6 {=} 20.Re1 {!?} {Introduced by IM Savanovic, with the previously known idea for such positions Nf1-g3.}
( 20.Qe2 e4 {=} ) ( 20.Be2 Bf7 {=} ) ( 20.Bd3 Bxd3 21.Qxd3 Bxe3
22.fxe3 ( 22.Nxe3 {?} Rxb3 23.Qc4 Qb6 $17 ) Rxf1+ 23.Qxf1 Rxb3
24.Rc4 Rb5 {=} ) Rb7 ( 20...Bxe3 21.Nxe3 $14 ) ( 20...Qd7 {with the idea ...Bd8 is also a playable alternative}
) ( 20...e4 {!?} 21.Nf1 Ne5 22.Ng3 Bh4 23.Nxe4 Bxe4 24.Rxe4 Bxf2+
25.Kh1 Qg5 26.Be2 Bc5 27.Rf4 Ng6 ( 27...Rxf4 28.Rxf4 Re8 29.b4
axb4 30.cxb4 Ng6 31.Rf1 Ba7 32.b5 Bc5 ( 32...Rxe2 33.Qxe2 Qxd5
34.Qe8+ Qg8 35.Qxg8+ Kxg8 36.Ra1 Bc5 37.Ra6 Ne5 38.b6 Nd7 39.b7
$16 ) 33.Bf3 Nh4 34.Nc7 Re5 35.Be4 g6 36.Qa1 $18 {1-0 Wiersma,E-Sill,T/Bad Wiessee 2003 (38)}
) 28.Rf3 Rbe8 ( 28...Nh4 29.Rg3 $16 ) 29.Rxf8+ Rxf8 30.Rxa5 Nh4
31.Bf3 {?} ( 31.g3 Nf5 $45 {Black has sufficient compensation for a draw. For instance:}
32.Ra2 Nxg3+ 33.hxg3 Qxg3 34.Bg4 Bf2 35.Qf1 Qxg4 36.Rxf2 Qh4+
{and White can't escape perpetual:} 37.Kg2 Qg4+ 38.Kh2 Qh4+ 39.Kg1
Qg5+ 40.Qg2 Qc1+ 41.Kh2 Qh6+ 42.Kg3 Qg5+ 43.Kh2 Qh6+ 44.Kg1 Qc1+
45.Rf1 Rxf1+ 46.Qxf1 Qg5+ 47.Qg2 Qc1+ {=} ) h6 $17
( 31...Nxf3 {?} 32.gxf3 h6 33.Ra1 $16 {1-0 Dominguez,L-Ramirez Alvarez,A/Buenos Aires 2003 (44)}
) ( 31...h5 {!?} ) 32.Ra2 ( 32.Ra1 {?} Rxf3 $19 ) Nxf3 33.gxf3
Rxf3 $17 ) 21.Bd3 {A novelty that fails to impress, since it leads to a forced draw.}
{N} ( 21.Nf1 Rbf7 22.Ra2 Bh4 23.Ng3 e4 {%02!?$131} {%15LD(c6:e5)}
{½-½ Wiersma,E-Ris,R/Dieren 2003 (27)} ) Bxd3 22.Qxd3 Bxe3
( 22...Rxb3 23.Qc4 Bxe3 24.fxe3 {is the same as the game} ) 23.fxe3
( 23.Qxe3 Rxb3 ) Rxb3 24.Qc4 Rb2 25.Qxc6 Qg5 26.Nf4 {The only move, which means that after 21.Bd3 everything is forced.}
( 26.g3 {?} Qh5 27.Rh4 Qf3 $19 ) exf4 27.Rxf4 ( 27.exf4 Qg4 {=} )
Rfb8 {It looks like all moves were known by both opponents from their home
preparation. Here is probably where the preparation ended, so why playing any further?  Typical case for the modern chess.}
( 27...Rfb8 28.Ref1 Rb1 29.Qxd6 Rxf1+ 30.Rxf1 Qxe3+ 31.Kh1 Qe8
{=} ) 1/2-1/2

[Event "Berlin"]
[Site ""]
[Date "1991.??.??"]
[Round "?"]
[White "Geller E"]
[Black "Kovalev A"]
[Result "1/2-1/2"]
[WhiteElo "2525"]
[BlackElo "2550"]
[Annotator "Kovalev,A"]
[Source "Inf 52"]
[Remark ""]

{52/193} 1.e4 c5 2.Nf3 d6 3.d4 cxd4 4.Nxd4 Nf6 5.Nc3 Nc6 6.Be2
e5 7.Nf3 h6 8.O-O Be7 9.Re1 O-O 10.h3 Be6 11.Bf1 Nb8 12.Nd5 {%04N}
( 12.a4 {- 46/247} ) Nxd5 13.exd5 Bf5 14.Nd2 {!?} ( 14.c4 ) Nd7
15.Nc4 Bg6 16.a4 Rc8 {?!} ( 16...Qc7 ) ( 16...f5 {!?} ) 17.a5
f5 18.Be3 b5 {!?} 19.axb6 axb6 ( 19...f4 {!?} 20.Bc1
( 20.b7 {?} fxe3 {!} ) axb6 21.Bd3 {!} Bxd3 ( 21...e4 {?} 22.Bxe4
{!} ) 22.cxd3 ( 22.Qxd3 Nc5 ) f3 $13 ) 20.f4 {!} ( 20.Ra7 f4
21.Rxd7 Qxd7 22.Nxb6 fxe3 {!} 23.Nxd7 exf2+ 24.Kh1 Bxc2 $17 )
b5 {!} 21.Na5 Bh4 22.Nc6 Qf6 23.Bf2 {!} ( 23.Ra7 Bxe1 24.Rxd7
( 24.Qxe1 Rce8 {!} ) Bg3 {!} 25.Ne7+ Kh7 26.Nxc8 Rxc8 27.Qd2
$13 ) Bxf2+ 24.Kxf2 Nc5 25.Kg1 Ne4 ( 25...Rce8 {?} 26.fxe5 dxe5
27.d6 ) 26.fxe5 dxe5 27.Bd3 {!} ( 27.Bxb5 Qd6 {!$45} {'centre'} )
Qd6 28.Bxe4 fxe4 29.Kh1 {?} ( 29.c3 {?!} {Geller,E} Qc5+ 30.Kh1
( 30.Kh2 Rf2 31.Nxe5 {?} Qd6 32.Qd4 Rf5 33.Rxe4 Rc4 $19 ) e3
{!} 31.Nxe5 Be4 32.Nd7 {?} Bxg2+ {!} 33.Kxg2 Rf2+ 34.Kg1 Qd6
$19 ) ( 29.Qe2 {!$16} ) Kh7 30.c3 Rf2 $37 31.Qg4 Rc7 {!}
( 31...Rcf8 32.b4 {!} Qxd5 {?} 33.Qxg6+ $18 ) 32.Nb4 Bf5 33.Qg3
Rxb2 34.Ra6 Qc5 35.Re3 {!} ( 35.Qxe5 Qf2 36.Rg1 Bxh3 37.Qxe4+
Bf5 38.Qe5 Rxc3 {!$19} ) Rb1+ 36.Kh2 Qc4 37.Qxe5 Qf1 38.Rf3 $7
( 38.Qxc7 {?} Qg1+ 39.Kg3 Qxe3+ 40.Kh2 Qg1+ 41.Kg3 Rb2 $19 )
Qg1+ 39.Kg3 Qe1+ 40.Kh2 Bg6 ( 40...Bc8 41.Rf8 {!} ( 41.Qxc7 {?}
exf3 42.Qxc8 Qe5+ $19 ) Rxc3 {?} 42.Rxh6+ {!} Kxh6 43.Rh8+ Kg6
44.Qd6+ {!$18} ) 41.Qe6 $7 ( 41.Rxg6 {?} exf3 $19 ) Bh5 42.Rf8
{!} ( 42.Qf5+ g6 43.Qe5 Qg1+ {!} ( 43...Rg7 44.Qxg7+ {!=} ) 44.Kg3
Rg7 ) Qg1+ 43.Kg3 Rxc3+ 44.Kh4 Qe1+ 45.Kxh5 Qe2+ 46.Qg4 {?}
( 46.Rf3 {!} Rxf3 $8 47.Qg6+ {!} Kh8 48.gxf3 Qxf3+ 49.Kh4 {=} )
Qxg4+ 47.Kxg4 Rxb4 $17 48.Kf5 Rd3 {?} ( 48...Rg3 {!} 49.Raa8
Rg5+ 50.Ke6 e3 $19 ) 49.Rd6 Rd2 ( 49...Rbd4 {'better is'} 50.Rdd8
Rxd5+ 51.Rxd5 Rxd5+ 52.Kxe4 Rc5 $17 ) 50.Rdd8 Rf2+ 51.Ke5 Rxg2
52.Rf4 $7 $19 Rg5+ 53.Kd6 ( 53.Ke6 {=} ) Rc4 54.Rb8 e3 55.Rxc4
bxc4 56.Rb2 c3 57.Re2 Rg1 58.Ke7 Rd1 59.d6 Kg6 60.d7 Kf5 61.Rxe3
( 61.d8Q {?} Rxd8 62.Kxd8 Ke4 $19 ) c2 62.Rc3 Re1+ 63.Kf7 Rd1
64.Ke7 Re1+ 1/2-1/2

[Event "CZE-ch"]
[Site ""]
[Date "2001.05.13"]
[Round "6"]
[White "Navara David"]
[Black "Cvek Robert"]
[Result "1/2-1/2"]
[WhiteElo "2479"]
[BlackElo "2406"]
[Annotator ""]
[Source "CBM 082 ext"]
[Remark ""]

1.e4 c5 2.Nf3 Nc6 3.d4 cxd4 4.Nxd4 Nf6 5.Nc3 d6 6.Bg5 e6 7.Qd2
a6 8.O-O-O h6 9.Bf4 Bd7 10.Nxc6 Bxc6 11.f3 d5 12.Qe1 Bb4 13.a3
Ba5 14.b4 Bb6 15.exd5 Bxd5 16.Be5 O-O 17.Qh4 Be3+ 18.Kb2 Bg5
19.Qd4 Bc6 20.a4 Qxd4 21.Bxd4 Rfd8 22.Bc4 Bd5 23.Bxd5 Nxd5 24.Nxd5
Rxd5 25.Bb6 Bd8 26.Rxd5 exd5 27.Bxd8 Rxd8 28.Re1 Kf8 29.Kc3 Rc8+
30.Kd3 Rc4 31.c3 a5 32.bxa5 Rxa4 33.Rb1 Rxa5 1/2-1/2

[Event "GM"]
[Site ""]
[Date "2007.01.24"]
[Round "7.3"]
[White "Klima Lukas"]
[Black "Womacka Mathias"]
[Result "0-1"]
[WhiteElo "2407"]
[BlackElo "2448"]
[Annotator "Vokac,Marek"]
[Source ""]
[Remark ""]

1.e4 c5 2.Nf3 d6 3.d4 cxd4 4.Nxd4 Nf6 5.Nc3 a6 6.Bg5 e6 7.f4
Qb6 8.Qd2 Qxb2 9.Rb1 Qa3 10.f5 Nc6 11.fxe6 fxe6 12.Nxc6 bxc6
13.e5 dxe5 14.Bxf6 gxf6 15.Ne4 Be7 16.Be2 h5 17.Rb3 Qa4 18.Nxf6+
Bxf6 19.c4 ( 19.O-O Be7 ( 19...Qd4+ 20.Qxd4 exd4 21.Rxf6 Ke7 ) )
Ra7 20.O-O Rf7 21.Rb8 {?!} ( 21.Qd6 {!} Be7 ( 21...Rd7 22.Qxe6+
Be7 23.Qxe5 $18 ( 23.Bxh5+ Kd8 $17 ) ) 22.Qxe5 Rxf1+ 23.Kxf1
( 23.Bxf1 Rh7 24.Bd3 {!?} ) O-O+ 24.Kg1 h4 {=} {Todorovic - Mijatovic, YUG-chT 1985 a   Bouaziz - Tukmakov, Las Palmas izt 1982.}
25.Qh5 Qxa2 26.Qg6+ {=} ) O-O 22.Bxh5 Rd7 23.Qc1 ( 23.Qe2 $17
{Fritz} ) Qxa2 24.Rxf6 {Rychle skonèilo} ( 24.Rb2 Qa3 25.Rf3
Qc5+ {0-1 v partii Colias - Nunn, Lloyds Bank op 1985.} ) Rxf6
25.Qg5+ Rg7 26.Rxc8+ Kh7 27.Bg6+ Rfxg6 28.Qh4+ Rh6 29.Rh8+ Kxh8
30.Qxh6+ Kg8 31.Qxe6+ Rf7 32.Qe8+ Kg7 33.Qxe5+ Rf6 34.Qg3+ {O vìèný šach se pokoušel bílý marnì i po}
( 34.Qe7+ Kg6 {v partii Gofshtein - Scerbakov, SSSR-ch qual 1979.}
$19 ) Kf7 35.Qc7+ Kg6 36.Qg3+ Kf5 {!$19} 37.Qf3+ Ke5 38.Qe3+
Kd6 39.Qd4+ Ke6 40.Qe4+ Kd7 41.Qd4+ Rd6 42.Qa7+ Ke8 43.Qb8+ Rd8
44.Qe5+ Kd7 45.Qf5+ Kc7 46.Qf7+ Rd7 0-1

[Event "Biel Interzonal"]
[Site ""]
[Date "1993.??.??"]
[Round "13"]
[White "Frolov Artur"]
[Black "Bagaturov Giorgi"]
[Result "1-0"]
[WhiteElo "2535"]
[BlackElo "2495"]
[Annotator "Ftacnik"]
[Source "CBM 037"]
[Remark ""]

1.e4 c5 2.Nf3 Nc6 3.d4 cxd4 4.Nxd4 Nf6 5.Nc3 d6 6.Bc4 e6 7.Be3
a6 ( 7...Be7 ) 8.Qe2 Qc7 9.Bb3 Be7 10.O-O-O Na5 ( 10...O-O )
11.g4 b5 12.g5 Nxb3+ 13.axb3 Nd7 14.Nf5 exf5 15.Nd5 Qd8 16.exf5
Bb7 17.f6 gxf6 18.Rhe1 Bxd5 19.Rxd5 Rg8 20.gxf6 Nxf6 21.Rf5 Rb8
( 21...Rg6 22.Bb6 Qd7 23.Qf3 Rb8 24.Rxf6 Rxb6 25.Qa8+ Qd8 26.Rxe7+
Kxe7 27.Rxf7+ Kxf7 28.Qxd8 d5 29.Qxd5+ {!$16} ) 22.h4 {%02!!$16}
( 22.Ba7 Nd7 ( 22...Rb7 23.Bd4 Ng4 ( 23...Kf8 24.Qf3 Rd7 25.Rxf6 ) )
23.Bxb8 Nxb8 24.Qf3 Nd7 {!} 25.Qc6 $13 ) Ne4 ( 22...Kd7 23.Bd4
$18 ) ( 22...Ng4 23.Bg5 Rxg5 24.Rxg5 Nf6 25.Rg7 {!} Kf8 26.Rg3
$18 ) ( 22...Nd7 23.Qh5 Ne5 24.Qxh7 Rg2 25.Bd4 {!$16} ) 23.Bf4
{!} Rg6 $8 ( 23...d5 24.Bxb8 $18 ( 24.Qh5 $18 ) ) ( 23...Nc5
24.Rxc5 ( 24.Qh5 Rg6 25.Qxh7 Nd3+ 26.cxd3 Qc8+ 27.Kb1 Qxf5 28.Qh8+
$18 ) dxc5 25.Bxb8 Rg6 26.f4 Re6 27.Be5 f6 28.Qh5+ Kf8 29.Qh6+
Ke8 30.Rd1 Qa5 31.Kb1 $18 ) 24.Qxe4 Re6 25.Qh1 Qd7
( 25...Qa5 26.Qc6+ Kd8 27.Rxe6 fxe6 28.Rf8+ Bxf8 29.Bg5+ Be7
30.Qxd6+ Kc8 31.Qxe6+ Kb7 32.Qe4+ {!} Kc8 ( 32...Kb6 33.Qxe7
$18 {'with the idea' Qd8} ) 33.Qxe7 $18 ) 26.Rh5 Rc8 27.Kb1 Rc5
28.Rxh7 Rxe1+ 29.Qxe1 Qf5 ( 29...Qe6 $18 ) 30.Bxd6 1-0

[Event "RUS-Cup4"]
[Site ""]
[Date "1997.02.09"]
[Round "2"]
[White "Ikonnikov Dmitrij"]
[Black "Nikolaidis Ioannis"]
[Result "1-0"]
[WhiteElo "2435"]
[BlackElo "2565"]
[Annotator "Boensch,U"]
[Source "CBM 058"]
[Remark ""]

1.e4 c5 2.Nf3 Nc6 3.d4 cxd4 4.Nxd4 Nf6 5.Nc3 d6 6.Bc4 e6 7.Be3
Be7 ( 7...a6 8.Bb3 Qc7 9.f4 Be7 10.O-O O-O 11.Qf3 ( 11.f5 Nxd4
12.Bxd4 b5 13.a3 Rb8 14.Qd3 b4 15.axb4 Rxb4 16.fxe6 fxe6 17.Kh1
Kh8 18.Rae1 a5 19.Na2 Ba6 20.Qxa6 Rxd4 21.Nc3 Rd2 22.Nb1 Rd4
23.Nc3 Rb4 24.e5 dxe5 25.Qxe6 Rbb8 26.Qxe5 Bd6 27.Qf5 Bxh2 28.Nd5
Qd6 29.Re6 Ng4 30.Rxd6 Rxf5 31.Rxf5 Bxd6 32.g3 g6 33.Rf1 Be5
34.Ra1 Rf8 35.Nf4 g5 36.Ne6 Rf2 37.Rxa5 h6 38.Ra8+ Kh7 39.Nf8+
Kg7 40.Ne6+ Kg6 41.Rg8+ Kf5 42.Kg1 Bxg3 43.Rf8+ Ke4 44.Rxf2 Bxf2+
45.Kg2 Be3 46.c4 Bc1 47.c5 Ne5 48.Nd8 { ½-½ Egorov,E-Chiburdanidze,M/RUS-Cup4 1997}
) b5 ( 11...Nxd4 12.Bxd4 e5 13.Be3 Be6 14.f5 Bxb3 15.axb3 b5
16.Bg5 b4 17.Bxf6 Bxf6 18.Nd5 Qxc2 19.Rf2 Qc5 20.Qg4 Kh8 21.Raf1
Rac8 22.h3 Qd4 23.Kh2 Rg8 24.Rf3 Qd2 25.Rg3 Qh6 26.Qe2 a5 27.Qa6
Rc2 28.Qxa5 Bg5 29.Qxb4 Rxb2 30.Qc3 Re2 31.Qd3 Rd2 32.Qc3 Rxd5
33.exd5 Bf4 34.Rxf4 Qxf4 35.Qf3 Qxf3 { ½-½ Lukin,A-Grishanovich,S/St Petersburg-ch 1997}
) 12.e5 Nxd4 13.Bxd4 dxe5 14.fxe5 Nd7 15.Ne4 Bb7 16.Qf4 Bxe4
17.Qxe4 Bc5 18.c3 Nxe5 19.a4 Rad8 20.axb5 axb5 21.Rad1 Nc4 22.Rf2
e5 23.Bxc5 Qxc5 24.Qe2 Rxd1+ 25.Qxd1 Nxb2 26.Qd5 Qe3 27.Qf3 Qxf3
28.Rxf3 Nc4 29.Rd3 g6 30.Rd5 Rb8 31.Bxc4 bxc4 32.Rxe5 Rb1+ 33.Kf2
Rc1 34.Re3 Rc2+ 35.Kf3 f5 36.Re7 Rxc3+ 37.Kf4 Rc2 38.Kg5 Kf8
39.Rxh7 Rxg2+ 40.Kf6 Ke8 41.Rc7 Rc2 42.Re7+ Kd8 43.Re1 Rxh2 44.Kxg6
Kd7 { 0-1 Lukin,A-Aseev,K/St Petersburg-ch 1997} ) 8.Qe2 a6
( 8...O-O 9.Rg1 Na5 10.Bb3 e5 11.Nf3 Nxb3 12.axb3 a6 13.Bg5 Be6
14.O-O-O Qa5 15.Kb1 Rfd8 16.Bxf6 Bxf6 17.Nd5 Rac8 18.Nxf6+ gxf6
19.g4 Rc6 20.Nh4 Rdc8 21.Rd2 Kf8 22.Rgd1 Ke7 23.Qf3 Qc7 24.Rc1
b5 25.Nf5+ Bxf5 26.Qxf5 Rg8 27.f3 Rg6 28.Re1 b4 29.Qh5 h6 30.Qh4
Qa7 31.Ree2 a5 32.f4 a4 33.fxe5 { Romanovich,L-Stotika,V/St Petersburg-ch 1997/0-1 (45)}
) 9.O-O-O Qc7 10.Bb3 O-O 11.Rhg1 Nd7 12.g4 Nc5 13.g5
( 13.Kb1 Nxd4 ( 13...b5 14.Nxc6 Qxc6 15.Nd5 Ra7 16.g5 exd5 17.Bxd5
Qe8 18.g6 Bf6 19.f4 Nxe4 20.Qh5 hxg6 21.Rxg6 Be6 22.Bxe4 Bxa2+
23.Kxa2 Qxe4 24.Rxf6 Qxe3 25.Rfxd6 Rc7 26.R1d3 Qxf4 27.R3d4 g6
28.Rxf4 gxh5 29.Rf5 Re8 30.c3 Re2 31.Rxh5 Rxc3 32.Rxa6 Rcc2 33.Rxb5
{ ½-½ Pavlovic,M-Krakops,M/Ubeda op 1997} ) 14.Bxd4 b5 15.g5
Re8 16.Qh5 g6 17.Qh6 Bf8 18.Qh4 Nxb3 19.axb3 Bb7 20.Bf6 Rac8
21.Rd2 h5 22.gxh6 Kh7 23.Rgd1 e5 24.Bg7 Be7 25.Qg4 b4 26.Nd5
Bxd5 27.exd5 Rb8 28.f4 f5 29.Qh3 exf4 30.Rg1 Bf8 31.Rdg2 Rbc8
32.Bd4 Re4 33.Rxg6 Qxc2+ 34.Ka2 Rxd4 35.Rg7+ Kh8 36.Rg8+ Kh7
{ 1-0 Pavlovic,M-Arakhamia,K/GRE-chT Athens 1996} )
( 13.Nf5 Rd8 ( 13...b5 14.Nxe7+ Qxe7 15.g5 {!} Bb7 16.f3 Rac8
17.Kb1 Rc7 $13 {Rytshagov,M-Shirov,A/URS/1990/0,5/22/} )
( 13...Nxb3+ 14.axb3 b5 15.Nxe7+ Nxe7 16.Qd3 d5 17.exd5 Nxd5
18.Nxd5 exd5 19.f4 Bb7 20.Rg3 Qe7 21.Bd4 Rfe8 22.f5 {Nijboer,F-Cebalo,M/Luzern/1989/0,5/22/}
) 14.Nxe7+ Qxe7 ( 14...Nxe7 {!?} 15.g5 b5 $13 ) 15.g5 b5 16.Qh5
Bb7 {?} ( 16...b4 17.Na4 Nxe4 18.f3 Nc5 19.Nxc5 dxc5 20.Rxd8+
Qxd8 21.Rg4 g6 22.Qh6 Qf8 23.Qxf8+ Kxf8 24.Bxc5+ $16 )
( 16...Rb8 {!} 17.Rg3 g6 18.Qh6 Qf8 19.Qh4 a5 $131 ) 17.Rg3 g6
18.Qh6 Qf8 19.Qh4 Qe7 ( 19...Rac8 20.Rh3 Qg7 21.f4 $40 {'with the idea'f5-f6/}
) 20.Rh3 h5 21.gxh6 Qxh4 22.Rxh4 Nxb3+ ( 22...Kh7 23.Bg5 Rd7
24.Bf6 b4 25.Ne2 Ne5 26.Ng1 {!} g5 $8 27.Bxg5 Nxe4 28.Be3 $16 )
23.axb3 f6 24.Rh3 {!} Rd7 {?} ( 24...Ne5 25.f3 $16 ) 25.Bc5 Ne5
( 25...Rad8 26.Bb6 Rc8 27.Rhd3 b4 28.Na4 Ne5 29.Rd4 ) 26.Rxd6
Rxd6 27.Bxd6 Nf7 28.Be7 Ng5 ( 28...f5 29.h7+ Kg7 30.e5 {!} Nxe5
31.h8Q+ Rxh8 32.Rxh8 Kxh8 33.Bf6+ $18 ) 29.Rd3 Nxe4 30.Rd7 Nxc3
31.Bxf6 {!} { 1-0 Yudasin,L-Sher,M/RUS-Cup1 Chigorin-mem 1996} )
b5 ( 13...Bd7 ) 14.Qh5 Nxd4 ( 14...b4 15.Nxc6 {!} ( 15.Rg3 bxc3
16.Rh3 Nxb3+ 17.axb3 h6 18.Rg1 Qa5 19.Kb1 Nxd4 20.Bxd4 Bxg5 21.Bxg7
cxb2 22.Bxb2 { 1-0 Klundt,K-Renner,C/Augsburg 1986} )
( 15.Nce2 Re8 16.Rg3 g6 17.Qh4 h5 18.Nf4 Nxb3+ 19.Nxb3 Kg7 20.Nd3
a5 21.f4 Bd7 22.Nd4 Rec8 23.Rd2 Nxd4 24.Bxd4+ Kh7 25.Bf6 Bxf6
26.gxf6 Qc4 27.Rg5 Qxe4 28.Rdg2 Qe3+ 29.Kb1 Qf3 30.Nc1 Bc6 31.R2g4
Qxg4 32.Rxg4 Be4 33.Nd3 Rc7 34.Qg5 Rac8 35.Rh4 Bf3 36.Rh3 Bd1
37.Ne1 Rc5 38.Qg3 Bxc2+ 39.Nxc2 Rxc2 40.Qg1 R8c5 41.Rxh5+ Rxh5
42.Kxc2 Rf5 43.Qd4 Rd5 44.Qa7 Kg8 45.Qb8+ { 1-0 Aatrhi,R-Moncayo,E/WchJW-U16 Guarapuava 1995}
) Nxb3+ 16.axb3 Qxc6 17.Bd4 {!!} bxc3 18.Qh6 cxb2+ 19.Kxb2 e5
20.Bxe5 dxe5 21.Qxc6 Be6 22.Qc3 a5 23.Qxe5 Rfc8 24.f4 a4 25.Ra1
a3+ 26.Kb1 Bb4 27.Rg3 Rd8 28.Rd3 g6 29.f5 { 1-0 Ligterink,G-Weinstein,N/Wijk-B 1975}
) ( 14...g6 {!} 15.Qh6 Re8 16.Rg3 Bf8 17.Qh4 b4 ( 17...Be7 18.Qh6
Bf8 19.Qh4 { ½-½ Doncevic,D-Fahnenschmidt,G/BL8384 1984} ) 18.Rh3
h5 19.gxh6 bxc3 ) ( 14...Rd8 15.Nxc6 Nxb3+ ( 15...Qxc6 16.Bd5
exd5 17.Nxd5 Qe8 18.Nf6+ Bxf6 19.gxf6 g6 20.Bxc5 Qf8 21.Bb6 Re8
22.f3 Bb7 23.Qg5 Rac8 24.Bd4 Kh8 25.h4 h5 26.Be3 Re6 27.Rd2 Rce8
28.Rgd1 Kg8 29.Bf4 Rd8 30.Bh2 Kh7 31.Qf4 Rd7 32.Rxd6 Rexd6 33.Rxd6
Rxd6 34.Qxd6 Qxd6 35.Bxd6 g5 36.hxg5 Kg6 37.Bf4 h4 38.Kd2 Bc8
39.Ke3 Be6 40.b3 h3 41.Kd4 Bd7 42.c4 bxc4 43.bxc4 Ba4 44.c5 Bd1
45.c6 Bxf3 46.c7 Bg4 47.Kc5 { 1-0 Djurhuus,R-Kaspersen,M/Copenhagen op 1988}
) 16.axb3 Qxc6 17.Rg3 g6 18.Qh6 Bf8 19.Qh4 Be7 20.Bd4 h5 21.Bf6
Qe8 ( 21...Qc7 22.Ne2 e5 23.f4 b4 24.fxe5 dxe5 25.Rxd8+ Bxd8
26.Rd3 Bg4 27.Qe1 Bxf6 28.gxf6 Qc6 29.h3 Rc8 30.Qd2 Bxe2 31.Qxe2
Qxf6 32.Kb1 Rd8 33.Ka2 Rxd3 34.Qxd3 Qb6 35.c3 a5 36.Qd5 Qc7 37.c4
Kf8 38.c5 Ke7 39.h4 f6 40.c6 g5 41.hxg5 fxg5 42.Qc5+ Ke8 43.Qd5
g4 44.Qe6+ Kf8 45.Qf6+ Ke8 { ½-½ Arnold,L-Escher,T/BL2-S 1995} )
22.f4 Bb7 23.f5 b4 24.Ne2 exf5 25.Nf4 Bxf6 26.gxf6 Qxe4 27.Nxg6
Qxh4 28.Nxh4+ Kf8 29.Nxf5 Be4 30.Ne7 Ke8 31.Re3 { 1-0 Kamp,A-Kojtka,W/NRW-II 1987}
) 15.Bxd4 Nxb3+ ( 15...b4 16.Nd5 Nxb3+ 17.axb3 exd5 18.Qh6 f6
19.gxf6 Bxf6 20.Bxf6 Rf7 21.Rxd5 Kf8 22.Rdg5 Rxf6 23.Qxf6+ gxf6
24.Rg8+ Ke7 25.R1g7+ Ke6 26.Re8+ { 1-0 Van Beek,L-Santos,P/EU-chJM U14 Rimavska Sobota 1992}
) ( 15...Bb7 16.Rg4 Nxb3+ 17.axb3 e5 18.Be3 Rac8 19.Rd2 g6 20.Qh6
f5 21.gxf6 Bxf6 22.Bg5 Bg7 23.Qh4 Rf7 24.Qg3 h5 25.Rh4 Kh7 26.Nd5
Bxd5 27.exd5 Rf5 28.Be3 Qf7 29.Qg2 e4 30.Rxe4 Rxd5 31.Bd4 Bh6
32.f4 Rf5 33.Be3 Qxb3 34.Re7+ Rf7 35.Qb7 Rxc2+ 36.Rxc2 Qxe3+
37.Rxe3 Rxb7 38.Rf3 Rf7 39.Kd1 Bg7 40.b3 { Koch,J-Relange,E/FRA-ch 1994/½-½ (56)}
) 16.axb3 b4 ( 16...Rd8 17.Rd3 e5 18.Nd5 Qb7 19.Nf6+ gxf6 20.gxf6+
Kf8 21.fxe7+ Qxe7 22.Qh6+ Ke8 23.Bc5 Be6 24.Rg8+ Kd7 25.Rxd6+
{ 1-0 Servat,R-Walicki,D/ARG-chJ Neuquen 1986} ) ( 16...g6 17.Qh6
f6 18.Rd3 Rf7 ( 18...Bd8 19.gxf6 Bxf6 20.Bxf6 Rxf6 21.Qh4 Rf8
22.Rgd1 Bb7 23.Rxd6 b4 24.Ne2 Bd5 25.e5 Bxb3 26.Nd4 Rac8 27.Rd2
Bd5 28.Nxe6 Bxe6 29.Rxe6 Qa5 30.Rd7 Rxc2+ 31.Kxc2 Qa4+ 32.Kb1
Qxd7 33.Qc4 Qd1+ 34.Ka2 b3+ 35.Ka3 Qa1+ 36.Kxb3 Rf3+ 37.Kb4 Qe1+
38.Kc5 Qxf2+ 39.Kc6 Kg7 40.Re7+ Kh6 41.Qc1+ g5 42.h4 Qe3 43.hxg5+
Kxg5 44.Qc2 h5 45.e6 Rf2 46.Rg7+ Kh4 47.Qc4+ Rf4 48.Qd5 Rf1 49.Rg2
Rc1+ 50.Kb7 Qf4 51.Rg7 a5 52.Rd7 Rb1 53.e7 Rxb2+ 54.Ka6 { ½-½ Petrik,T-Medina,E/WchJM-U18 Guarapuava 1995}
) 19.gxf6 Bxf6 20.Rxg6+ hxg6 21.Qxg6+ Rg7 22.Qe8+ { 1-0 Pils,W-Aigmueller,M/AUT-chT 1991}
) 17.Bf6 ( 17.Qh6 {!} e5 ( 17...f6 18.gxf6 Bxf6 19.Bxf6 Rxf6
20.Qxf6 bxc3 21.Rxd6 $18 ) 18.Nd5 gxh6 ( 18...Qd8 19.Nf6+ Bxf6
20.gxf6 $18 ) ) Re8 18.Rd3 Qa5 ( 18...bxc3 19.Rh3 h6 20.Qxh6
cxb2+ 21.Kxb2 gxh6 22.Rxh6 Bxf6+ 23.gxf6+ Kf8 24.Rh8# ) 19.Rh3
h6 20.Qxh6 {!} ( 20.Qxh6 Qa1+ 21.Nb1 gxh6 22.Rxh6 Bxf6 23.gxf6+
Kf8 24.Rh8# ) 1-0